| 000 | 00000cas 2200000za 4500 |
| 001 | 9.505664 |
| 003 | CaOODSP |
| 005 | 20251212160056 |
| 007 | cr ||||||||||| |
| 008 | 150406c1991||||xxc|| p o||||f| |0eng|d |
| 040 | |aCaOODSP|beng |
| 043 | |an-cn--- |
| 086 | 1 |aRG36-4E-PDF |
| 110 | 1 |aCanada. |bOffice of the Superintendent of Bankruptcy. |
| 245 | 10|aInsolvency bulletin |h[electronic resource] |
| 260 | |aOttawa - Ontario : |bIndustry Canada. |
| 310 | |aQuarterly |
| 362 | 1 |aVol. 15, no. 4 - Vol. 20, no. 3 |
| 690 | 07|aBankruptcies|2gcpds |
| 775 | 08|tBulletin sur l'insolvabilité.|w(CaOODSP)9.502065 |
| 776 | 0#|tInsolvency bulletin / |w(CaOODSP)9.508648 |
| 776 | 0#|tBulletin sur l'insolvabilité / |w(CaOODSP)9.508649 |
| 780 | 00|tInsolvency bulletin / |w(CaOODSP)9.500443 |
| 785 | 00|tOSB newsletter |w(CaOODSP)9.505155 |